Normal view
MARC view
Entry Personal Name
001 - CONTROL NUMBER
- control field: 193206
003 - CONTROL NUMBER IDENTIFIER
- control field: OSt
005 - DATE AND TIME OF LATEST TRANSACTION
- control field: 20250113105109.0
008 - FIXED-LENGTH DATA ELEMENTS
- fixed length control field: 250113|| aca||aabn | a|a d
040 ## - CATALOGING SOURCE
- Original cataloging agency: OSt
- Transcribing agency: OSt
100 ## - HEADING--PERSONAL NAME
- Personal name: BECKER (E W)
670 ## - SOURCE DATA FOUND
- Source citation: Work cat.: (OSt)90499: VENKATARAMAN (L V) 193202, Biotechnology and Utilization of Algae the Indian experience, 1982